Hệ thống văn bản pháp luật mới về đất đai, nhà ở và thuế nhà đất

Gorde:
Xehetasun bibliografikoak
Formatua: Liburua
Hizkuntza:Vietnamese
Argitaratua: H. Tài Chính 2005
Gaiak:
Etiketak: Etiketa erantsi
Etiketarik gabe, Izan zaitez lehena erregistro honi etiketa jartzen!
Thư viện lưu trữ: Thư viện Trường Đại học Nam Cần Thơ
LEADER 00684nam a22001697a 4500
001 NCT_13196
008 171030b xxu||||| |||| 00| 0 vie d
999 |c 627  |d 627 
020 |c 279000 
082 0 4 |2 23rd ed.  |a 346.597043  |b H250 
245 0 0 |a Hệ thống văn bản pháp luật mới về đất đai, nhà ở và thuế nhà đất 
260 |a H.  |b Tài Chính  |c 2005 
300 |a 1119 tr.  |c 27 cm 
653 |a Luật học 
942 |2 ddc  |c BK 
952 |0 0  |1 0  |2 ddc  |4 0  |6 346_597043000000000_H250  |7 0  |9 4466  |a 000001  |b 000001  |d 2017-11-27  |o 346.597043 H250  |p MD.02908  |r 2017-11-27  |v 279000.00  |w 2017-11-27  |y BK 
980 |a Thư viện Trường Đại học Nam Cần Thơ